Every QB to Get Drafted Since 2000 - Statistics

General Stats
  • This quiz has been taken 33 times
  • The average score is 126 of 320
Answer Stats
Year Round Team College Answer % Correct
2025 5th Browns Colorado Shedeur Sanders
100%
2024 1st Bears USC Caleb Williams
95%
2025 1st Titans Miami Cam Ward
95%
2025 3rd Browns Oregon Dillon Gabriel
95%
2025 1st Giants Ole Miss Jaxson Dart
95%
2023 1st Colts Florida Anthony Richardson
90%
2013 7th 49ers South Florida BJ Daniels
90%
2025 3rd Seahawks Alabama Jalen Milroe
90%
2024 1st Commanders LSU Jayden Daniels
90%
2024 1st Falcons Washington Michael Penix Jr
90%
2024 1st Broncos Oregon Bo Nix
86%
2023 1st Panthers Alabama Bryce Young
86%
2024 1st Patriots North Carolina Drake Maye
86%
2025 2nd Saints Louisville Tyler Shough
86%
2006 1st Titans Texas Vince Young
86%
2014 5th Chiefs Georgia Aaron Murray
81%
2016 4th Bills Ohio State Cardale Jones
81%
2023 1st Texans Ohio State CJ Stroud
81%
2004 7th 49ers Washington Cody Pickett
81%
2019 1st Giants Duke Daniel Jones
81%
2017 1st Texans Clemson Deshaun Watson
81%
2024 1st Vikings Michigan JJ McCarthy
81%
2021 1st Bears Ohio State Justin Fields
81%
2020 1st Chargers Oregon Justin Herbert
81%
2019 1st Cardinals Oklahoma Kyler Murray
81%
2013 4th Steelers Oklahoma Landry Jones
81%
2021 1st Patriots Alabama Mac Jones
81%
2012 3rd Seahawks Wisconsin Russell Wilson
81%
2021 1st Jaguars Clemson Trevor Lawrence
81%
2013 4th Raiders Arkansas Tyler Wilson
81%
2025 6th Steelers Ohio State Will Howard
81%
2021 1st Jets BYU Zach Wilson
81%
2018 1st Browns Oklahoma Baker Mayfield
76%
2016 6th Jaguars Arkansas Brandon Allen
76%
2022 7th 49ers Iowa State Brock Purdy
76%
2002 1st Texans Fresno State David Carr
76%
2014 2nd Raiders Fresno State Derek Carr
76%
2020 2nd Eagles Oklahoma Jalen Hurts
76%
2015 1st Buccaneers Florida State Jameis Winston
76%
2000 7th Broncos Notre Dame Jarious Jackson
76%
2014 1st Browns Texas A&M Johnny Manziel
76%
2018 1st Bills Wyoming Josh Allen
76%
2022 1st Steelers Pittsburgh Kenny Pickett
76%
2025 6th Eagles Syracuse Kyle McCord
76%
2018 1st Ravens Louisville Lamar Jackson
76%
2017 1st Chiefs Texas Tech Patrick Mahomes
76%
2025 7th Dolphins Texas Quinn Ewers
76%
2018 1st Jets USC Sam Darnold
76%
2006 2nd Vikings Alabama State Tarvaris Jackson
76%
2020 1st Dolphins Alabama Tua Tagovailoa
76%
2023 2nd Titans Kentucky Will Levis
76%
2005 1st Packers California Aaron Rodgers
71%
2005 1st 49ers Utah Alex Smith
71%
2012 1st Colts Stanford Andrew Luck
71%
2014 1st Jaguars UCF Blake Bortles
71%
2006 4th Jets Missouri Brad Smith
71%
2016 1st Eagles North Dakota State Carson Wentz
71%
2019 2nd Broncos Missouri Drew Lock
71%
2013 2nd Jets West Virginia Geno Smith
71%
2020 1st Packers Utah State Jordan Love
71%
2015 1st Titans Oregon Marcus Mariota
71%
2009 1st Lions Georgia Matthew Stafford
71%
2008 1st Falcons Boston College Matt Ryan
71%
2012 1st Redskins Baylor Robert Griffin III
71%
2010 6th Titans FAU Rusty Smith
71%
2012 1st Dolphins Texas A&M Ryan Tannehill
71%
2024 5th Saints South Carolina Spencer Rattler
71%
2023 4th Rams Georgia Stetson Bennett
71%
2014 1st Vikings Louisville Teddy Bridgewater
71%
2007 5th Ravens Ohio State Troy Smith
71%
2011 2nd Bengals TCU Andy Dalton
67%
2004 1st Steelers Miami (OH) Ben Roethlisberger
67%
2011 1st Panthers Auburn Cam Newton
67%
2016 4th Cowboys Mississippi State Dak Prescott
67%
2022 3rd Falcons Cincinnati Desmon Ridder
67%
2019 5th Chargers North Dakota State Easton Stick
67%
2004 1st Chargers Ole Miss Eli Manning
67%
2016 3rd Patriots NC State Jacoby Brissett
67%
2016 1st Rams California Jared Goff
67%
2020 1st Bengals LSU Joe Burrow
67%
2008 1st Ravens Delaware Joe Flacco
67%
2018 1st Cardinals UCLA Josh Rosen
67%
2017 1st Bears North Carolina Mitchell Trubisky
67%
2025 6th Colts Notre Dame Riley Leonard
67%
2022 5th Commanders North Carolina Sam Howell
67%
2023 4th Raiders Purdue Aiden O'Connell
62%
2025 6th Raiders North Dakota State Cam Miller
62%
2003 1st Bengals USC Carson Palmer
62%
2019 1st Redskins Ohio State Dwayne Haskins
62%
2023 3rd Lions Tennessee Hendon Hooker
62%
2007 1st Raiders LSU JaMarcus Russell
62%
2001 4th Giants Florida Jesse Palmer
62%
2014 2nd Patriots Eastern Illinois Jimmy Garoppolo
62%
2007 6th Redskins UTEP Jordan Palmer
62%
2008 3rd Patriots San Diego State Kevin O'Connell
62%
2022 3rd Titans Liberty Malik Willis
62%
2009 1st Jets USC Mark Sanchez
62%
2001 1st Falcons Virginia Tech Michael Vick
62%
2004 1st Giants NC State Philip Rivers
62%
2010 1st Rams Oklahoma Sam Bradford
62%
2021 1st 49ers North Dakota State Trey Lance
62%
2017 2nd Browns Notre Dame DeShone Kizer
57%
2023 5th Browns UCLA Dorian Thompson-Robinson
57%
2001 2nd Chargers Purdue Drew Brees
57%
2024 5th Jets Florida State Jordan Travis
57%
2018 3rd Steelers Oklahoma State Mason Rudolph
57%
2016 1st Broncos Memphis Paxton Lynch
57%
2011 2nd 49ers Nevada Colin Kaepernick
52%
2010 3rd Browns Texas Colt McCoy
52%
2021 3rd Texans Stanford Davis Mills
52%
2011 1st Titans Washington Jake Locker
52%
2009 1st Buccaneers Kansas State Josh Freeman
52%
2012 4th Redskins Michigan State Kirk Cousins
52%
2010 7th Bills Troy Levi Brown
52%
2005 7th Rams Harvard Ryan Fitzpatrick
52%
2022 7th Dolphins Kansas State Skylar Thompson
52%
2010 1st Broncos Florida Tim Tebow
52%
2019 3rd Panthers West Virginia Will Grier
52%
2004 6th Eagles Delaware Andy Hall
48%
2020 7th Cowboys James Madison Ben DiNucci
48%
2007 1st Browns Notre Dame Brady Quinn
48%
2012 1st Browns Oklahoma State Brandon Weeden
48%
2012 2nd Broncos Arizona State Brock Osweiler
48%
2011 1st Vikings Florida State Christian Ponder
48%
2025 7th 49ers Indiana Curtis Rourke
48%
2013 1st Bills Florida State EJ Manuel
48%
2019 6th Jaguars Washington State Gardner Minshew
48%
2025 6th Texans Florida Graham Mertz
48%
2021 4th Saints Notre Dame Ian Book
48%
2023 4th Saints Fresno State Jake Haener
48%
2023 5th Vikings BYU Jaren Hall
48%
2006 1st Broncos Vanderbilt Jay Cutler
48%
2024 6th Patriots Tennessee Joe Milton
48%
2021 3rd Vikings Texas A&M Kellen Mond
48%
2021 2nd Buccaneers Florida Kyle Trask
48%
2006 1st Cardinals USC Matt Leinart
48%
2018 5th Cowboys Western Kentucky Mike White
48%
2009 2nd Dolphins West Virginia Pat White
48%
2023 5th Packers Penn State Sean Clifford
48%
2000 6th Patriots Michigan Tom Brady
48%
2011 6th Ravens Virginia Tech Tyrod Taylor
48%
2014 5th Bengals Alabama AJ McCarron
43%
2022 4th Patriots Western Kentucky Bailey Zappe
43%
2011 1st Jaguars Missouri Blaine Gabbert
43%
2003 1st Jaguars Marshall Byron Leftwich
43%
2000 1st Jets Marshall Chad Pennington
43%
2023 5th Cardinals Houston Clayton Tune
43%
2017 3rd Giants California Davis Webb
43%
2005 6th Ravens Oregon State Derek Anderson
43%
2020 5th Bills Georgia Jake Fromm
43%
2010 6th Vikings UAB Joe Webb
43%
2017 4th Steelers Tennessee Joshua Dobbs
43%
2023 7th Chargers TCU Max Duggan
43%
2012 3rd Eagles Arizona Nick Foles
43%
2023 6th Eagles Stanford Tanner McKee
43%
2015 7th Broncos Northwestern Trevor Siemian
43%
2008 2nd Dolphins Michigan Chad Henne
38%
2017 3rd 49ers Iowa CJ Beathard
38%
2016 4th Raiders Michigan State Connor Cook
38%
2019 4th Patriots Auburn Jarrett Stidham
38%
2005 1st Redskins Auburn Jason Campbell
38%
2002 7th Seahawks Southern Miss Jeff Kelly
38%
2010 2nd Panthers Notre Dame Jimmy Clausen
38%
2002 1st Lions Oregon Joey Harrington
38%
2008 5th Buccaneers San Diego Josh Johnson
38%
2017 5th Bills Pittsburgh Nathan Peterman
38%
2003 1st Bears Florida Rex Grossman
38%
2021 6th Colts Texas Sam Ehlinger
38%
2019 6th Ravens Penn State Trace McSorley
38%
2010 7th Patriots Oklahoma State Zac Robinson
38%
2016 2nd Jets Penn State Christian Hackenberg
33%
2014 6th Rams SMU Garrett Gilbert
33%
2010 5th Cardinals Fordham John Skelton
33%
2004 1st Bills Tulane JP Losman
33%
2009 5th 49ers Ball State Nate Davis
33%
2014 6th Titans LSU Zach Mettenberger
33%
2015 5th Packers UCLA Brett Hundley
29%
2006 6th Buccaneers Toledo Bruce Gradkowski
29%
2018 7th Patriots LSU Danny Etling
29%
2002 4th Jaguars East Carolina David Garrard
29%
2020 6th Jaguars Oregon State Jake Luton
29%
2016 5th Chiefs Stanford Kevin Hogan
29%
2007 2nd Eagles Houston Kevin Kolb
29%
2003 1st Ravens California Kyle Boller
29%
2005 4th Bears Purdue Kyle Orton
29%
2014 4th Cardinals Virginia Tech Logan Thomas
29%
2013 3rd Buccaneers NC State Mike Glennon
29%
2002 1st Redskins Tulane Patrick Ramsey
29%
2001 2nd Cowboys Georgia Quincy Carter
29%
2011 3rd Patriots Arkansas Ryan Mallett
29%
2015 3rd Rams Oregon State Sean Mannion
29%
2003 4th Seahawks Iowa State Seneca Wallace
29%
2011* 3rd Raiders Ohio State Terrelle Pryor
29%
2014 4th Texans Pittsburgh Tom Savage
29%
2006 3rd Chargers Clemson Charlie Whitehurst
24%
2016 3rd Browns USC Cody Kessler
24%
2005 5th Lions Connecticut Dan Orlovsky
24%
2008 5th Steelers Oregon Dennis Dixon
24%
2007 2nd Lions Michigan State Drew Stanton
24%
2020 4th Colts Washington Jacob Eason
24%
2002 3rd Cardinals Sam Houston State Josh McCown
24%
2004 4th Browns Louisiana Tech Luke McCown
24%
2013 4th Eagles USC Matt Barkley
24%
2005 7th Patriots USC Matt Cassel
24%
2022 3rd Panthers Ole Miss Matt Corral
24%
2008 7th Packers LSU Matt Flynn
24%
2004 3rd Falcons Virginia Matt Schaub
24%
2020 7th Vikings Iowa Nate Stanley
24%
2019 4th Bengals NC State Ryan Finley
24%
2017 6th Lions Miami Brad Kaaya
19%
2015 4th Jets Baylor Bryce Petty
19%
2005 3rd Seahawks Georgia David Greene
19%
2024 6th Ravens Kentucky Devin Leary
19%
2011 7th Jets Alabama Greg McElroy
19%
2006 5th Packers Furman Ingle Martin
19%
2008 5th Vikings USC John David Booty
19%
2001 6th Seahawks LSU Josh Booty
19%
2004 6th Ravens Wisconsin Josh Harris
19%
2018 4th Giants Richmond Kyle Lauletta
19%
2018 6th Titans Washington State Luke Falk
19%
2000 6th Saints West Virginia Marc Bulger
19%
2024 7th Packers Tulane Michael Pratt
19%
2012 6th Cardinals San Diego State Ryan Lindley
19%
2013 4th Giants Syracuse Ryan Nassib
19%
2014 6th Jets Clemson Tahj Boyd
19%
2018 6th Jaguars Nebraska Tanner Lee
19%
2000 5th Steelers Tennessee Tee Martin
19%
2011 5th Texans North Carolina TJ Yates
19%
2007 7th Vikings Coastal Carolina Tyler Thigpen
19%
2008 6th Giants Kentucky Andre' Woodson
14%
2020 7th Titans Hawaii Cole McDonald
14%
2020 4th Jets FIU James Morgan
14%
2016 6th 49ers Louisiana Tech Jeff Driskel
14%
2007 2nd Dolphins BYU John Beck
14%
2003 7th 49ers Miami Ken Dorsey
14%
2010 4th Eagles Northwestern Mike Kafka
14%
2006 5th Steelers Bowling Green Omar Jacobs
14%
2020 7th Saints Mississippi State Tommy Stevens
14%
2007 3rd Bills Stanford Trent Edwards
14%
2001 5th Eagles Oregon AJ Feeley
10%
2003 5th Steelers Boston College Brian St. Pierre
10%
2017 7th Broncos Ole Miss Chad Kelley
10%
2005 3rd Browns Akron Charlie Frye
10%
2022 7th Steelers South Dakota State Chris Oladokun
10%
2000 3rd Ravens Louisville Chris Redman
10%
2003 3rd Buccaneers Texas Chris Simms
10%
2001 4th Panthers Florida State Chris Weinke
10%
2019 5th Eagles Northwestern Clayton Thorson
10%
2008 6th Redskins Hawaii Colt Brennan
10%
2009 6th Colts Purdue Curtis Painter
10%
2014 6th Bears San Jose State David Fales
10%
2006 7th Falcons Georgia DJ Shockley
10%
2015 3rd Saints Colorado State Garrett Grayson
10%
2000 3rd 49ers Hofstra Giovanni Carmazzi
10%
2006 2nd Jets Oregon Kellen Clemens
10%
2016 6th Redskins Indiana Nate Sudfeld
10%
2009 5th Giants Sam Houston State Rhett Bomar
10%
2000 6th Browns Southwest Texas State Spergon Wynn
10%
2000 7th 49ers Louisiana Tech Tim Rattay
10%
2013 7th Broncos Miami (OH) Zac Dysert
10%
2005 5th Saints Florida State Adrian McPherson
5%
2018 7th Seahawks FIU Alex McGough
5%
2012 7th Packers Chattanooga BJ Coleman
5%
2016 7th Dolphins Western Kentucky Brandon Doughty
5%
2008 2nd Packers Louisville Brian Brohm
5%
2006 3rd Chiefs Alabama Brodie Croyle
5%
2012 7th Colts Northern Illinois Chandler Harnish
5%
2004 5th Bears Ohio State Craig Krenzel
5%
2008 5th Jets Tennessee Erik Ainge
5%
2005 7th Chiefs Tulsa James Kilian
5%
2004 6th Colts Bowling Green Jim Sorgi
5%
2001 6th Dolphins Oklahoma Josh Heupel
5%
2018 7th Bengals Toledo Logan Woodside
5%
2001 2nd Raiders Washington Marques Tuiasosopo
5%
2011 5th Chiefs Iowa Ricky Stanzi
5%
2001 4th Redskins Iowa State Sage Rosenfels
5%
2009 4th Cowboys Texas A&M Stephen McGee
5%
2008 7th Texans Washington State Alex Brink
0%
2005 3rd Raiders Arizona State Andrew Walter
0%
2004 7th Texans Texas Tech BJ Symons
0%
2004 7th Broncos Colorado State Bradlee Van Pelt
0%
2013 7th Chargers Southern Utah Brad Sorenson
0%
2002 5th 49ers BYU Brandon Doman
0%
2003 6th Jets Wisconsin Brooks Bollinger
0%
2004 7th Bengals Wyoming Casey Bramlet
0%
2002 5th Packers Northwestern State Craig Nall
0%
2010 6th Bears Central Michigan Dan LeFevour
0%
2003 3rd Texans Louisville Dave Ragone
0%
2003 6th Texans Michigan Drew Henson
0%
2003 7th Redskins Indiana Gibran Hamdan
0%
2007 4th Cowboys Washington Isaiah Stanback
0%
2000 6th Chargers Florida A&M Ja'Juan Seider
0%
2016 6th Lions Michigan Jake Rudock
0%
2007 5th Bengals Nevada Jeff Rowe
0%
2004 6th Rams Michigan State Jeff Smoker
0%
2000 7th Buccaneers Georgia Tech Joe Hamilton
0%
2004 7th Cardinals Michigan John Navarre
0%
2010 5th Chargers Tennessee Jonathan Crompton
0%
2002 6th Saints UC Davis JT O'Sullivan
0%
2009 6th Rams West Texas A&M Keith Null
0%
2014 6th Ravens Ball State Keith Wenning
0%
2003 6th Patriots Texas Tech Kliff Kingsbury
0%
2002 5th Falcons Illinois Kurt Kittner
0%
2004 7th Broncos LSU Matt Mauck
0%
2001 5th Lions Rutgers Mike McMahon
0%
2009 6th Seahawks Rutgers Mike Teel
0%
2011 5th Bears Idaho Nathan Enderle
0%
2002 5th Panthers Stanford Randy Fasani
0%
2006 6th Bengals Texas A&M Reggie McNeal
0%
2002 4th Patriots LSU Rohan Davey
0%
2002 7th Raiders North Carolina Ronald Curry
0%
2010 7th Saints Oregon State Sean Canfield
0%
2013 7th Falcons Duke Sean Renfree
0%
2002 7th Chargers Cal Poly Seth Burford
0%
2005 4th Panthers Louisville Stefan LeFors
0%
2002 6th Rams Ohio State Steve Bellisari
0%
2000 6th Redskins Stanford Todd Husak
0%
2009 6th Broncos Fresno State Tom Brandstater
0%
2010 6th Panthers Cincinnati Tony Pike
0%
2002 7th Ravens Stephen F. Austin Wes Pate
0%
No matching quizzes found
Score Distribution
Percent of People with Each Score
Percentile by Number Answered
Your Score History
You have not taken this quiz